000 00359nam a2200145 i 4500
001 bg
100 1 _aDZIEWANOWSKI, Kazimierz
245 0 _aZłoto piasków /
_cKazimierz Dziewanowski.
260 _aWarszawa,
_c1976.
040 _cBPK
041 _apol
080 _a32:338.22:622.32+665.6](5-011)
942 _cKS
008 s pl f |000 0 pol
999 _c9588
_d9588
856 _uhttp://koha.tu.koszalin.pl/cgi-bin/koha/opac-detail.pl?biblionumber=9588
_yKatalog online BPK